000 00644nam a2200205Ia 4500
001 19623
003 GE_BSU
008 181216s||||||||xx |||||||||||||| ||und||
040 _cGE_BSU
245 _aВопросы Психологии №5 Сентябрь-Октябрь,2016.
245 _bНаучный журнал
245 _cГл. ред,Е,В,Щедрина
260 _aМосква
260 _c2016
300 _a176стр. 24см.
653 _aВопросы Психологии №5 Сентябрь-Октябрь,2016.
653 _aНаучный журнал
653 _aპერიოდიკა
942 _cCR
999 _c52599
_d52599